[Event "AUTO-OPEN-3748"]
[Site "http://www.queenalice.com/game.php?id=1457788"]
[Date "2017.1.4"]
[Round "1"]
[White "bouley"]
[Black "marcao"]
[Result "1-0"]
[WhiteElo "2022"]
[BlackElo "1759"]

1. e4 e5 2. Bc4 Nf6 3. d4 Bd6 4. c3 O-O 5. Bg5 h6 6. Bh4 exd4 7. Qxd4 Nc6 8. Qe3
Ne5 9. Bb3 Neg4 10. Qe2 Re8 11. f3 Ne5 12. Nd2 Ng6 13. Bf2 Nf4 14. Qf1 a6 15.
O-O-O b5 16. Nh3 Bb7 17. Nxf4 Bxf4 18. g3 Bd6 19. Bd4 c5 20. Be3 c4 21. Bc2 a5
22. Kb1 a4 23. Qf2 Bc7 24. Bd4 d5 25. h4 b4 26. cxb4 dxe4 27. Nxc4 exf3 28. Nb6
Rb8 29. Bxf6 Qxf6 30. Nd7 Qc6 31. Nxb8 Bxb8 32. Rhe1 Rxe1 33. Rxe1 Bd6 34. a3
Qd7 35. Rd1 Qe6 36. Bxa4 Be4+ 37. Bc2 Bxc2+ 38. Qxc2 Bxg3 39. Rd8+ 1-0

[Event "AUTO-OPEN-3748"]
[Site "http://www.queenalice.com/game.php?id=1457789"]
[Date "2017.1.4"]
[Round "1"]
[White "marcao"]
[Black "bouley"]
[Result "0-1"]
[WhiteElo "1742"]
[BlackElo "2105"]

1. d4 d5 2. Bf4 Nc6 3. e3 Bf5 4. h3 h6 5. Nf3 Nf6 6. Bd3 Ne4 7. O-O e6 8. Ne5
Nxe5 9. dxe5 Qd7 10. Nd2 g5 11. Bh2 O-O-O 12. Nf3 c5 13. c3 c4 14. Bc2 Kb8 15.
Ba4 b5 16. Bc2 Kb7 17. Nd4 Bg6 18. a4 a6 19. axb5 axb5 20. Ra5 Ra8 21. Rxb5+ Kc8
22. Ba4 Qc7 23. f3 Nc5 24. Rb4 Bg7 25. Bc6 Rb8 26. Qa1 Rxb4 27. cxb4 Nb3 28.
Qa6+ Kd8 29. Nb5 Qb8 30. Nd6 Ke7 31. e4 Nd4 32. exd5 Nxc6 33. Qxc6 Rd8 34. Ra1
Qxb4 35. Qc7+ Rd7 36. Qc6 Qxb2 37. Rf1 Bxe5 38. Bxe5 Qxe5 39. Nxc4 Qxd5 40. Qa4
Bd3 41. Qb4+ Kf6 42. Ne3 Qd4 43. Qxd4+ Rxd4 44. Ng4+ Kg7 45. Rd1 Rd5 46. Nf2 Bc4
47. Rb1 f5 48. Rc1 Rd4 49. Kh2 Kf6 50. g3 Rd2 51. Kg2 Bd5 52. g4 Ke5 53. Re1+
Kf4 54. gxf5 exf5 55. Rd1 Bxf3+ 0-1

[Event "AUTO-OPEN-3748"]
[Site "http://www.queenalice.com/game.php?id=1457814"]
[Date "2017.1.4"]
[Round "1"]
[White "Bategoll"]
[Black "marcao"]
[Result "1-0"]
[WhiteElo "1749"]
[BlackElo "1806"]

1. e4 e5 2. Nf3 Nc6 3. Bb5 d6 4. d3 a6 5. Ba4 b5 6. Bb3 Nf6 7. c3 h6 8. Qe2 Bg4
9. Be3 Be7 10. Nbd2 O-O 11. Nf1 a5 12. Ng3 a4 13. Bc2 Nh7 14. h3 Bd7 15. Nf5 Bg5
16. Nxg5 Nxg5 17. h4 Nh7 18. Bxh6 Bxf5 19. Bxg7 Kxg7 20. exf5 Kh8 21. Kd2 Qf6
22. g4 Qe7 23. Rag1 Rg8 24. g5 Qd7 25. f6 Rae8 26. Qh5 Rg6 27. d4 exd4 28. Bxg6
fxg6 29. Qf3 Ne5 30. Qh3 Nc4+ 31. Kc1 Qf7 32. cxd4 Re4 33. Re1 Rxd4 34. Re7 Qg8
35. Qd7 Ne5 36. Qe8 Nf8 37. Rxc7 Ned7 38. h5 Qh7 39. Rxd7 Rc4+ 40. Kb1 gxh5+ 41.
Ka1 1-0

[Event "AUTO-OPEN-3748"]
[Site "http://www.queenalice.com/game.php?id=1457815"]
[Date "2017.1.4"]
[Round "1"]
[White "marcao"]
[Black "Bategoll"]
[Result "0-1"]
[WhiteElo "1777"]
[BlackElo "1724"]

1. d4 d5 2. Bf4 Nf6 3. e3 e6 4. Bd3 Be7 5. Nf3 c6 6. O-O Nbd7 7. Ne5 O-O 8. h3
Ne4 9. Qg4 f5 10. Qf3 Ndf6 11. Nc3 Nd2 12. Qg3 Nxf1 13. Bxf1 Nh5 14. Qf3 Nxf4
15. exf4 Bf6 16. Ne2 Bd7 17. Nxd7 Qxd7 18. Ng3 Bxd4 19. c3 Bb6 20. Re1 Rae8 21.
Bd3 c5 22. b3 Bc7 23. c4 d4 24. Nh5 b6 25. a4 Bd8 26. g4 g6 27. Ng3 Bf6 28. g5
Bg7 29. h4 a5 30. h5 e5 31. fxe5 Bxe5 32. hxg6 hxg6 33. Ne2 Qh7 34. Qd5+ Kh8 35.
f4 Bxf4 36. Qg2 Be3+ 37. Kf1 f4 38. Qf3 Kg7 39. Be4 Qh2 40. Qg2 Qxg2+ 41. Bxg2
f3 42. Bxf3 Rxf3+ 43. Kg2 Ref8 44. Ng3 Bxg5 45. Kh3 Rxb3 46. Kg4 Be3 0-1

[Event "AUTO-OPEN-3748"]
[Site "http://www.queenalice.com/game.php?id=1457830"]
[Date "2017.1.4"]
[Round "1"]
[White "Taura10"]
[Black "marcao"]
[Result "1-0"]
[WhiteElo "2014"]
[BlackElo "1754"]

1. d4 d5 2. c4 dxc4 3. e4 b5 4. Nc3 a6 5. Nf3 Bb7 6. d5 c6 7. Be2 Nf6 8. dxc6
Nxc6 9. e5 Ng4 10. Bf4 e6 11. O-O Qc7 12. h3 Rd8 13. Qc2 Be7 14. hxg4 O-O 15. g5
Nd4 16. Nxd4 Rxd4 17. Qc1 h6 18. gxh6 g6 19. Qe3 Bc5 20. Qg3 Kh7 21. Bf3 Rd3 22.
Be3 Bxe3 23. Bxb7 Bxh6 24. Bf3 Kg7 25. Rad1 Rxd1 26. Rxd1 f5 27. exf6+ 1-0

[Event "AUTO-OPEN-3748"]
[Site "http://www.queenalice.com/game.php?id=1457831"]
[Date "2017.1.4"]
[Round "1"]
[White "marcao"]
[Black "Taura10"]
[Result "0-1"]
[WhiteElo "1748"]
[BlackElo "2006"]

1. d4 d5 2. Bf4 Nf6 3. e3 Nc6 4. Bd3 Bg4 5. Be2 Bxe2 6. Nxe2 Nh5 7. Bg5 Qd6 8.
O-O h6 9. Bh4 g5 10. Bg3 Nxg3 11. Nxg3 e6 12. Nh5 O-O-O 13. c3 f5 14. h3 e5 15.
Nd2 Qg6 16. b4 g4 17. hxg4 fxg4 18. Ng3 h5 19. b5 Na5 20. Qa4 b6 21. dxe5 h4 22.
Ne2 g3 23. fxg3 hxg3 24. Rf3 Qh5 25. Kf1 Qxe5 26. Qg4+ Kb8 27. Nxg3 Qxc3 28. Rd1
Bd6 29. e4 Qc2 30. Rf2 Bxg3 31. Qxg3 Qxd1# 0-1

[Event "AUTO-OPEN-3766"]
[Site "http://www.queenalice.com/game.php?id=1464394"]
[Date "2017.2.13"]
[Round "1"]
[White "Scharlatan"]
[Black "marcao"]
[Result "1-0"]
[WhiteElo "1989"]
[BlackElo "1715"]

1. e4 e5 2. Nf3 Nf6 3. Nxe5 Nxe4 4. Qe2 d5 5. d3 Bd6 6. dxe4 Bxe5 7. exd5 Qxd5
8. Nc3 Qd6 9. f4 O-O 10. fxe5 Qg6 11. Be3 Re8 12. O-O-O Nc6 13. Bf4 Bf5 14. h3
Rad8 15. Rxd8 Rxd8 16. g4 Be6 17. Kb1 Nd4 18. Qd3 c5 19. Qxg6 fxg6 20. Bg2 b5
21. Rd1 Rb8 22. Ne4 Ne2 23. Bh2 c4 24. Bf3 h6 25. Bxe2 g5 26. Nc5 Bc8 27. Rd8+
Kh7 28. Ne6 Kg6 29. Bf3 Kf7 30. Bd5 Ke7 31. Rg8 1-0

[Event "AUTO-OPEN-3766"]
[Site "http://www.queenalice.com/game.php?id=1464395"]
[Date "2017.2.13"]
[Round "1"]
[White "marcao"]
[Black "Scharlatan"]
[Result "0-1"]
[WhiteElo "1710"]
[BlackElo "2011"]

1. d4 d5 2. Bf4 Bf5 3. e3 e6 4. Bd3 Bd6 5. Bxf5 exf5 6. Nf3 Bxf4 7. exf4 Nd7 8.
O-O Ne7 9. Nc3 c6 10. Re1 O-O 11. Ne5 f6 12. Nxd7 Qxd7 13. g3 Rae8 14. a3 Nc8
15. Rxe8 Rxe8 16. Qh5 Qf7 17. Qxf7+ Kxf7 18. Na4 b6 19. b4 Re2 20. Rc1 Nd6 21.
Nc3 Re7 22. Kf1 Nc4 23. Ra1 Nd2+ 24. Kg2 Ne4 25. Ne2 Nd2 26. Ng1 Re4 27. c3 Nc4
28. Ra2 Ke7 29. f3 Re3 30. Kf2 Rxc3 31. Ne2 Rd3 32. a4 Ra3 33. Rxa3 Nxa3 0-1

[Event "AUTO-OPEN-3766"]
[Site "http://www.queenalice.com/game.php?id=1464418"]
[Date "2017.2.13"]
[Round "1"]
[White "aperturaf"]
[Black "marcao"]
[Result "1-0"]
[WhiteElo "2226"]
[BlackElo "1759"]

1. e4 e5 2. Nf3 Nc6 3. Bb5 a6 4. Bxc6 dxc6 5. O-O Bd6 6. d4 Bg4 7. dxe5 Bxf3 8.
Qxf3 Bxe5 9. Nd2 Nf6 10. Nc4 Bd4 11. Rd1 O-O 12. Be3 c5 13. c3 Qc8 14. cxd4 b5
15. Nd2 c4 16. e5 Ng4 17. Bf4 Re8 18. h3 Nh6 19. Bxh6 Qe6 20. Be3 c6 21. Ne4 Qg6
22. Nd6 Red8 23. Qxc6 f6 24. a4 fxe5 25. Qd5+ Kf8 26. dxe5 h6 27. Bc5 Rd7 28.
Qxa8+ 1-0

[Event "AUTO-OPEN-3766"]
[Site "http://www.queenalice.com/game.php?id=1464419"]
[Date "2017.2.13"]
[Round "1"]
[White "marcao"]
[Black "aperturaf"]
[Result "0-1"]
[WhiteElo "1761"]
[BlackElo "2217"]

1. d4 e6 2. Bf4 d5 3. e3 Bd6 4. Bd3 Bxf4 5. exf4 Nd7 6. Nf3 c5 7. O-O Qb6 8. b3
cxd4 9. Be2 Ne7 10. Nxd4 O-O 11. a4 Nc6 12. Nb5 a6 13. Nd6 Qc7 14. Nxc8 Qxf4 15.
h3 Raxc8 16. Nd2 Rfd8 17. Nf3 Nb4 18. Rc1 Rc3 19. Qe1 Rdc8 20. g3 Qf6 21. Bd1
Nd3 22. Qd2 Nxc1 23. Qxc1 Rxf3 24. Bxf3 Qxf3 25. Re1 Qc3 26. Re2 Qxb3 0-1

[Event "AUTO-OPEN-3766"]
[Site "http://www.queenalice.com/game.php?id=1464434"]
[Date "2017.2.13"]
[Round "1"]
[White "marcao"]
[Black "mvson33"]
[Result "1-0"]
[WhiteElo "1740"]
[BlackElo "1765"]

1. d4 Nf6 2. Bf4 d6 3. e3 e6 4. Nf3 Be7 5. Bd3 O-O 6. O-O Nc6 7. h3 Bd7 8. a3 a6
9. b4 e5 10. dxe5 dxe5 11. Nxe5 Nxe5 12. Bxe5 Be6 13. Qf3 c6 14. Nc3 Qd7 15.
Rad1 Qe8 16. Ne4 h6 17. Nxf6+ Bxf6 18. Bxf6 gxf6 19. Qxf6 Qc8 20. Qxh6 Bf5 21.
Qg5+ Kh8 22. Bxf5 1-0

[Event "AUTO-OPEN-3766"]
[Site "http://www.queenalice.com/game.php?id=1464435"]
[Date "2017.2.13"]
[Round "1"]
[White "mvson33"]
[Black "marcao"]
[Result "1-0"]
[WhiteElo "1787"]
[BlackElo "1757"]

1. e4 e5 2. Nf3 Nc6 3. Bc4 Bc5 4. O-O h6 5. a3 Nf6 6. d3 O-O 7. Nc3 a6 8. Nd5 b5
9. Nxf6+ Qxf6 10. Bd5 Rb8 11. Bd2 Nd4 12. Nxd4 exd4 13. f4 c6 14. Ba2 Bb6 15.
Qf3 d6 16. Rae1 Re8 17. Kh1 Be6 18. Bxe6 Rxe6 19. f5 Re5 20. Qg3 c5 21. Bf4 Ree8
22. Bxd6 Rbd8 23. Bf4 Ba5 24. Re2 b4 25. Ref2 bxa3 26. bxa3 Bc3 27. e5 Qxf5 28.
Bxh6 Qg6 29. Qxg6 fxg6 30. Bg5 Rd5 31. Bf4 Bb2 32. a4 a5 33. Bg3 Kh7 34. Rf7 Bc3
35. Ra7 Bd2 36. Rff7 Bh6 37. e6 Rxe6 38. Rxa5 g5 39. Raa7 Re2 40. h3 Rxc2 41. a5
Rc1+ 42. Kh2 Ra1 43. a6 g4 44. hxg4 Rd1 45. Rac7 Rxd3 46. a7 Ra3 47. Rc8 d3 48.
a8=Q 1-0

[Event "AUTO-OPEN-3773"]
[Site "http://www.queenalice.com/game.php?id=1467136"]
[Date "2017.3.2"]
[Round "1"]
[White "luiz_gustavo"]
[Black "marcao"]
[Result "1-0"]
[WhiteElo "1849"]
[BlackElo "1737"]

1. e4 e5 2. Nf3 Nc6 3. Bb5 Bd6 4. O-O a6 5. Ba4 b5 6. Bb3 Nf6 7. Nc3 O-O 8. Re1
Bc5 9. h3 Nd4 10. Nxd4 Bxd4 11. d3 c6 12. Ne2 Bc5 13. Ng3 h6 14. Be3 Be7 15. c3
a5 16. a3 a4 17. Ba2 d5 18. d4 Nxe4 19. Nxe4 dxe4 20. dxe5 Qc7 21. Bf4 Bf5 22.
g3 g5 23. Bc1 Qxe5 24. f4 gxf4 25. Bxf4 Bc5+ 26. Kg2 Qe8 27. Bxh6 Qc8 28. Bxf8
Bxh3+ 29. Kh2 Bxf8 30. Rxe4 Qf5 31. Rf4 Qd7 32. Bxf7+ 1-0

[Event "AUTO-OPEN-3773"]
[Site "http://www.queenalice.com/game.php?id=1467137"]
[Date "2017.3.2"]
[Round "1"]
[White "marcao"]
[Black "luiz_gustavo"]
[Result "1-0"]
[WhiteElo "1706"]
[BlackElo "1801"]

1. d4 Nf6 2. Bf4 d5 3. e3 Nc6 4. Bb5 Bd7 5. Nf3 a6 6. Ba4 b5 7. Bb3 e6 8. O-O
Na5 9. Nbd2 c5 10. dxc5 Bxc5 11. c3 O-O 12. Bc2 Re8 13. b4 Bxe3 14. Bxe3 Nc4 15.
Nxc4 dxc4 16. Qb1 h6 17. Bd4 Nd5 18. Ne5 Bc8 19. Bh7+ Kf8 20. Bc5+ Ne7 21. Be4
Bb7 22. Bxb7 Rb8 23. Bc6 Qc7 24. Nd7+ Kg8 25. Nxb8 Rxb8 26. Be4 f5 27. Bf3 Ng6
28. Rd1 Nf4 29. Bd6 Qb6 30. Bxf4 Rf8 31. Rd6 Qc7 32. Qc1 g5 33. Be5 g4 34. Bc6
1-0

[Event "AUTO-OPEN-3773"]
[Site "http://www.queenalice.com/game.php?id=1467160"]
[Date "2017.3.2"]
[Round "1"]
[White "marcao"]
[Black "Bruscato"]
[Result "0-1"]
[WhiteElo "1725"]
[BlackElo "2010"]

1. d4 c5 2. dxc5 e6 3. b4 a5 4. c3 axb4 5. cxb4 Qf6 6. Bb2 Qxb2 7. Nd2 Qxb4 8.
Qc1 Qxc5 9. Qb2 Nc6 10. e3 Nf6 11. Ngf3 d5 12. Bb5 Bd7 13. O-O Bd6 14. Bxc6 Bxc6
15. Rfc1 Qa7 16. Nb3 O-O 17. a3 h6 18. Nfd4 Rfc8 19. Nxc6 Rxc6 20. Nd4 Rb6 21.
Nb5 Qa4 0-1

[Event "AUTO-OPEN-3773"]
[Site "http://www.queenalice.com/game.php?id=1467161"]
[Date "2017.3.2"]
[Round "1"]
[White "Bruscato"]
[Black "marcao"]
[Result "1-0"]
[WhiteElo "2013"]
[BlackElo "1742"]

1. e4 e5 2. f4 exf4 3. Nf3 Nc6 4. d4 d5 5. e5 Bg4 6. Bxf4 Be7 7. Bb5 a6 8. Bxc6+
bxc6 9. O-O h6 10. Nbd2 Bg5 11. Bxg5 hxg5 12. h3 Be6 13. c3 g4 14. hxg4 Bxg4 15.
Qa4 Ne7 16. Ng5 O-O 17. Qc2 Qc8 18. Qh7# 1-0

[Event "AUTO-OPEN-3773"]
[Site "http://www.queenalice.com/game.php?id=1467162"]
[Date "2017.3.2"]
[Round "1"]
[White "marcao"]
[Black "fedro"]
[Result "0-1"]
[WhiteElo "1726"]
[BlackElo "1854"]

1. d4 d5 2. Nf3 Nf6 3. h3 Bf5 4. Bf4 e6 5. e3 Bd6 6. Bd3 Bxd3 7. Qxd3 Bxf4 8.
exf4 O-O 9. O-O Nbd7 10. c3 c5 11. Ne5 c4 12. Qf3 Qc7 13. Nd2 b5 14. a3 a5 15.
b3 Rac8 16. b4 Ra8 17. bxa5 Rxa5 18. Rfb1 Rfa8 19. Nxd7 Qxd7 20. g4 Rxa3 21. Qd1
Qa7 22. Rxa3 Qxa3 23. Rxb5 Qxc3 24. Qb1 Nd7 25. Nf1 g6 26. Rb7 Ra1 27. Rb8+ Nxb8
28. Qxb8+ Kg7 29. Qe5+ f6 30. Qc7+ Kh6 31. g5+ fxg5 32. fxg5+ Kxg5 33. Qe5+ Kh4
34. Qxe6 Rxf1+ 35. Kxf1 Qxh3+ 0-1

[Event "AUTO-OPEN-3773"]
[Site "http://www.queenalice.com/game.php?id=1467163"]
[Date "2017.3.2"]
[Round "1"]
[White "fedro"]
[Black "marcao"]
[Result "1-0"]
[WhiteElo "1782"]
[BlackElo "1720"]

1. d4 d5 2. c4 dxc4 3. e4 b5 4. Nc3 a6 5. a4 b4 6. Na2 c3 7. bxc3 bxc3 8. Nxc3
Bb7 9. Nf3 e6 10. Bd3 Bb4 11. Bd2 Nf6 12. O-O Bxc3 13. Bxc3 O-O 14. e5 Bd5 15.
exf6 Qxf6 16. Ne5 Qg5 17. Nf3 Qe7 18. Rb1 f5 19. Bb4 Qf7 20. Ne5 Qe8 21. Bxf8
Qxf8 22. Rxb8 Qxb8 23. Qd2 Qe8 24. Qa5 h6 25. Qxc7 Qxa4 26. Qf7+ Kh7 27. Bxf5+
exf5 28. Qxd5 Rb8 29. Nf3 Rb1 30. Qxf5+ Kh8 31. Qxb1 1-0